000 00752nam a2200229 i 4500
001 bg
245 0 0 _aFinansowe rynki kapitałowe :
_bprzypadek Polski lat dziewięćdziesiątych /
_cpod red. nauk. Władysława Milo.
260 _aWarszawa :
_bWydaw. Naukowe PWN,
_c2000.
300 _a217, [1] s. :
_bil. ;
_c24 cm.
504 _aBibliogr.
650 9 _aRynek kapitałowy
_zPolska
_yod 1989 r.
700 1 _aMILO, Władysław.
_eRed.
015 _aPB 3719/2000
020 _a8301129905
040 _cBPK
041 0 _apol
080 _a336.76(438)"1989/..."
920 _a83-01-12990-5
942 _cKS
008 s pl f |000 0 pol
999 _c51478
_d51478
856 _uhttp://koha.tu.koszalin.pl/cgi-bin/koha/opac-detail.pl?biblionumber=51478
_yKatalog online BPK